000 00692nam a2200241Ia 4500
003 OSt
005 20230914154731.0
008 210323s9999||||xx |||||||||||||| ||und||
020 _a0074632604
040 _cSTCPL
041 _aENG
082 _a616.075 6
_bKAN-M V.1
245 0 _aMedical laboratory technology :
_bA procedure manual for routine diagnostic tests Vol.1 /
_cedited by Kanai L. Mukherjee
260 _aNew Delhi :
_bMcGraw Hill Education (India) Private Limited ,
_c1988 .
300 _a481 p.
_bPB
650 _aCytology
650 _aBiochemistry
650 _aMicrobiology
700 _aMukherjee, Kanai L. (ed.)
942 _cBK
942 _2ddc
942 _2ddc
999 _c79936
_d79936